000 00680nam a2200289Ia 4500
005 20260324150151.0
008 008 260324s9999 xx 000 0 eng d
020 _a9781315210599
037 _aEBOOK
040 _aCRL
040 _beng
040 _cCRL
041 _2eng
041 _aeng
084 _qCRL
100 _aA.N.J. Blain
_91225480
245 0 _aPilots and Management
245 0 _bIndustrial Relations in the U.K. Airlines
260 _bTaylor and Francis
260 _c1972
365 _a
365 _b205
856 _uhttp://www.taylorfrancis.com/books/9781315210599
942 _cEBOOK
999 _c1834493
_d1834493